000 00769nam0a2200253 4500
001 RU\NLR\BIBL_A\011955991
005 20250626155714.0
010 _92000
035 _a(NLR Aleph) 011955991
090 _a13421811
_c13421811
100 _a20190311d1954 |||y0rusy50 ca
101 0 _achv
102 _aRU
105 _ay z 000 y
200 1 _aПӑрла пӗлӗт айӗнче
_e4 пайлӑ драма
_fИван Вашки
210 _aШупашкар
_cЧӑваш АССР Гос. Изд-ви
_d1954
215 _a65, [1] с.
_d20
541 1 _aПод ледяным небом
_eдрама
_zrus
686 1 _aШ6(2=Чув)7-6
700 1 _aВашки
_bИ.
_fИван
_4070
852 _aNLR
_bОНЛ
_jЧув./2-1265
942 _cBOOK
980 _aNB